International law and the use of force / (Record no. 18939)
[ view plain ]
| 000 -LEADER | |
|---|---|
| fixed length control field | 01436cam a2200325 a 4500 |
| 001 - CONTROL NUMBER | |
| control field | 15294141 |
| 005 - DATE AND TIME OF LATEST TRANSACTION | |
| control field | 20150126111530.0 |
| 008 - FIXED-LENGTH DATA ELEMENTS--GENERAL INFORMATION | |
| fixed length control field | 080508r20132008xxk fr2b f001 0 eng d |
| 010 ## - LIBRARY OF CONGRESS CONTROL NUMBER | |
| LC control number | 2008021146 |
| 020 ## - INTERNATIONAL STANDARD BOOK NUMBER | |
| International Standard Book Number | 9780199239146 (hardback : alk. paper) |
| 020 ## - INTERNATIONAL STANDARD BOOK NUMBER | |
| International Standard Book Number | 9780199239153 (pbk. : alk. paper) |
| 040 ## - CATALOGING SOURCE | |
| Original cataloging agency | DLC |
| Transcribing agency | DLC |
| Modifying agency | DLC |
| -- | EG-ScBUE |
| 082 00 - DEWEY DECIMAL CLASSIFICATION NUMBER | |
| Classification number | 341.584 |
| Edition number | 22 |
| Item number | GRA |
| 100 1# - MAIN ENTRY--PERSONAL NAME | |
| Personal name | Gray, Christine D. |
| 9 (RLIN) | 37337 |
| 245 10 - TITLE STATEMENT | |
| Title | International law and the use of force / |
| Statement of responsibility, etc | Christine Gray. |
| 250 ## - EDITION STATEMENT | |
| Edition statement | 3rd ed. |
| Remainder of edition statement | reprinted. |
| 260 ## - PUBLICATION, DISTRIBUTION, ETC. (IMPRINT) | |
| Place of publication, distribution, etc | Oxford, United Kingdom : |
| Name of publisher, distributor, etc | Oxford University Press, |
| Date of publication, distribution, etc | 2013. |
| 300 ## - PHYSICAL DESCRIPTION | |
| Extent | xvii, 455 p. ; |
| Dimensions | 24 cm. |
| 490 0# - Series Statement | |
| Series statement | Foundations of public international law |
| 500 ## - GENERAL NOTE | |
| General note | Index : p. 429-455. |
| 500 ## - GENERAL NOTE | |
| General note | Reprint of the 2008 ed. |
| 504 ## - BIBLIOGRAPHY, ETC. NOTE | |
| Bibliography, etc | Includes bibliographical references. |
| 505 0# - FORMATTED CONTENTS NOTE | |
| Formatted contents note | Law and force-The prohibition of the use of force-Invitation and intervention : civil wars and the use of force-Self-defence-Collective self-defence-The use of force against terrorism : a new war for a new century-The UN and the use of force-Security council authorization for member states to use force-Regional peacekeeping and enforcement action. |
| 650 #0 - SUBJECT ADDED ENTRY--TOPICAL TERM | |
| Topical term or geographic name as entry element | Intervention (International law) |
| 9 (RLIN) | 9318 |
| 650 #0 - SUBJECT ADDED ENTRY--TOPICAL TERM | |
| Topical term or geographic name as entry element | Aggression (International law) |
| 9 (RLIN) | 37338 |
| 650 #0 - SUBJECT ADDED ENTRY--TOPICAL TERM | |
| Topical term or geographic name as entry element | International police |
| 9 (RLIN) | 37339 |
| 653 ## - INDEX TERM--UNCONTROLLED | |
| Resource For college | BAEPS, Political Science |
| Arrived date list | January2015 |
| 655 ## - INDEX TERM--GENRE/FORM | |
| Form subdivision | |
| -- | 34232 |
| 942 ## - ADDED ENTRY ELEMENTS (KOHA) | |
| Source of classification or shelving scheme | Dewey Decimal Classification |
| Call number prefix | 341.584 GRA |
| Withdrawn status | Item status | Source of classification or shelving scheme | Damaged status | Not for loan | Vendor | Home library | Current library | Shelving location | Date acquired | Source of acquisition | Cost, normal purchase price | Serial Enumeration / chronology | Total Checkouts | Total Renewals | Full call number | Barcode | Date last seen | Date last borrowed | Cost, replacement price | Koha item type |
|---|---|---|---|---|---|---|---|---|---|---|---|---|---|---|---|---|---|---|---|---|
| Dewey Decimal Classification | Baccah | Central Library | Central Library | First floor | 26/01/2015 | 240.00 | 21291 | 7 | 35 | 341.584 GRA | 000037363 | 15/07/2025 | 11/03/2018 | 300.00 | Book - Borrowing |